| 000 | 01409nam a2200349 a 4500 | ||
|---|---|---|---|
| 001 | ebr10348492 | ||
| 003 | CaPaEBR | ||
| 006 | m u | ||
| 007 | cr cn||||||||| | ||
| 008 | 080212s2008 ctuab sb 001 0ceng | ||
| 010 | _z 2008006076 | ||
| 015 |
_aGBA847650 _2bnb |
||
| 016 | 7 |
_z014566510 _2Uk |
|
| 020 | _z9780300116397 (cloth : alk. paper) | ||
| 020 | _z030011639X (cloth : alk. paper) | ||
| 040 |
_aCaPaEBR _cCaPaEBR |
||
| 035 | _a(OCoLC)667009993 | ||
| 050 | 1 | 4 |
_aQH305 _b.R43 2008eb |
| 082 | 0 | 4 |
_a570.9 _222 |
| 245 | 0 | 0 |
_aRebels, mavericks, and heretics in biology _h[electronic resource] / _cedited and with an introduction by Oren Harman and Michael R. Dietrich ; and with an epilogue by R.C. Lewontin. |
| 260 |
_aNew Haven : _bYale University Press, _cc2008. |
||
| 300 |
_aviii, 400 p. : _bill., map. |
||
| 504 | _aIncludes bibliographical references and index. | ||
| 533 |
_aElectronic reproduction. _bPalo Alto, Calif. : _cebrary, _d2013. _nAvailable via World Wide Web. _nAccess may be limited to ebrary affiliated libraries. |
||
| 650 | 0 |
_aBiology _xHistory. |
|
| 650 | 0 |
_aBiologists _vBiography. |
|
| 655 | 7 |
_aElectronic books. _2local |
|
| 700 | 1 | _aHarman, Oren Solomon. | |
| 700 | 1 | _aDietrich, Michael R. | |
| 710 | 2 | _aebrary, Inc. | |
| 856 | 4 | 0 |
_uhttp://site.ebrary.com/lib/rucke/Doc?id=10348492 _zAn electronic book accessible through the World Wide Web; click to view |
| 999 |
_c31699 _d31699 |
||